Statistics for The Mali Empire

Click here to take the quiz!

General Stats

  • This quiz has been taken 92 times
  • The average score is 7 of 8

Answer Stats

1st LetterAnswer% Correct
MMali
99%
SSenegal
93%
GGuinea
93%
NNiger
93%
MMauritania
92%
BBurkina Faso
89%
GGambia
86%
IIvory Coast
86%

Score Distribution

Percentile by Number Answered

Percent of People with Each Score

Your Score History

You have not taken this quiz